[Event "Open"]
[Site "Cappelle la Grande FRA"]
[Date "2003.02.24"]
[Round "4"]
[White "Apicella,M"]
[Black "Grafl,F"]
[Result "1-0"]
[WhiteElo "2501"]
[BlackElo "2343"]
[EventDate "2003.02.22"]

1. e4 c5 2. Nf3 d6 3. d4 cxd4 4. Nxd4 Nf6 5. Nc3 g6 6. Be3 Bg7 7. f3 O-O 8.
Qd2 Nc6 9. Bc4 Bd7 10. h4 Ne5 11. Bb3 b5 12. h5 Nc4 13. Bxc4 bxc4 14. Bh6
Qa5 15. Bxg7 Kxg7 16. hxg6 fxg6 17. Nd5 Qxd2+ 18. Kxd2 Nxd5 19. exd5 Rac8
20. Ne2 Rf5 21. Nc3 Rg5 22. Rh2 Be8 23. Re1 Rc7 24. Re4 Bf7 25. f4 Rg3 26.
Rd4 Rg4 27. Ke3 g5 28. f5 Rxd4 29. Kxd4 Rb7 30. Kxc4 Rxb2 31. g4 h6 32. a3
Rb6 33. a4 Rc6+ 34. Kd4 Rb6 35. Ne4 Rb1 36. c4 Rd1+ 37. Ke3 Re1+ 38. Kd3
Rd1+ 39. Ke3 Re1+ 40. Kd3 Rd1+ 41. Rd2 Rxd2+ 42. Kxd2 Be8 43. a5 Ba4 44.
Nc3 Bb3 45. Kd3 h5 46. gxh5 Kh6 47. Ne4 Kxh5 48. f6 exf6 49. Nxf6+ Kh6 50.
Ne4 g4 51. Nxd6 Kg5 52. Ne4+ Kf4 53. Nc5 Ba2 54. d6 g3 55. d7 g2 56. d8=Q
Bb1+ 57. Kc3 g1=Q 58. Qf6+ Bf5 59. Nd3+ 1-0

[Event "Open"]
[Site "Cappelle la Grande FRA"]
[Date "2003.02.24"]
[Round "4"]
[White "Potapov,A1"]
[Black "Calotescu,C"]
[Result "0-1"]
[WhiteElo "2500"]
[BlackElo "2334"]
[EventDate "2003.02.22"]

1. d4 Nf6 2. c4 g6 3. Nc3 Bg7 4. e4 d6 5. h3 O-O 6. Bg5 Na6 7. Bd3 Qe8 8.
g4 e5 9. d5 Nc5 10. Bc2 a5 11. Nge2 Bd7 12. Ng3 Rb8 13. a4 Na6 14. O-O Bc8
15. Qd2 Nd7 16. Nb5 b6 17. h4 Ndc5 18. f3 Bd7 19. Ra3 Qc8 20. h5 f6 21. Be3
Rf7 22. hxg6 hxg6 23. Kg2 Bf8 24. Rh1 Nb4 25. Bb1 Rh7 26. Rxh7 Kxh7 27. Qe1
c6 28. Nc3 Rb7 29. Qh1+ Kg8 30. g5 fxg5 31. Bxg5 Be8 32. Qh3 Qxh3+ 33. Kxh3
Rh7+ 34. Kg2 Bh6 35. Bxh6 Rxh6 36. dxc6 Bxc6 37. Nb5 Bxb5 38. axb5 Kf7 39.
Ne2 Ne6 40. Rc3 Nf4+ 41. Nxf4 exf4 42. e5 Ke6 43. exd6 Kxd6 44. Rc1 g5 45.
b3 Re6 46. Be4 g4 47. Re1 g3 48. Kh3 Kc5 49. Rd1 Rd6 50. Ra1 Rf6 51. Rd1
Na2 52. Kg4 Nc3 53. Rg1 Ne2 54. Rg2 Nd4 55. Rb2 Kb4 56. c5 Kxc5 57. b4+
axb4 58. Bd3 Nxb5 59. Rc2+ Nc3 60. Bf5 Kd4 61. Rb2 Nd5 62. Be4 Ne3+ 63. Kg5
Kc3 64. Rb1 Rf8 65. Rc1+ Kd2 66. Rb1 g2 67. Bg6 Nd1 0-1

[Event "Open"]
[Site "Cappelle la Grande FRA"]
[Date "2003.02.24"]
[Round "4"]
[White "Reefschlaeger,H"]
[Black "Murey,J"]
[Result "0-1"]
[WhiteElo "2315"]
[BlackElo "2486"]
[EventDate "2003.02.22"]

1. d4 Nf6 2. Nf3 d6 3. g3 Nbd7 4. c4 e5 5. Nc3 c6 6. Qc2 exd4 7. Nxd4 Nb6
8. e4 g6 9. f3 Bg7 10. Be3 O-O 11. O-O-O Qe7 12. Bd3 d5 13. cxd5 Nfxd5 14.
Nxd5 Nxd5 15. Nxc6 bxc6 16. Bc5 Qg5+ 17. f4 Nxf4 18. gxf4 Qxf4+ 19. Kb1 Rb8
20. Ba3 Be6 21. Qxc6 Rfc8 22. Qa4 Qf2 0-1

[Event "Open"]
[Site "Cappelle la Grande FRA"]
[Date "2003.02.24"]
[Round "4"]
[White "Meszaros,Mi"]
[Black "Yandemirov,V"]
[Result "1/2-1/2"]
[WhiteElo "2309"]
[BlackElo "2469"]
[EventDate "2003.02.22"]

1. e4 e5 2. Nf3 Nc6 3. Bb5 a6 4. Ba4 d6 5. c3 f5 6. exf5 Bxf5 7. O-O Bd3 8.
Re1 Be7 9. Bc2 Bxc2 10. Qxc2 Nf6 11. d4 e4 12. Ng5 d5 13. f3 h6 14. Nh3 O-O
15. Nd2 exf3 16. Nxf3 Rf7 17. Nf4 Bd6 18. Qf5 Bxf4 19. Bxf4 Ne4 20. Qe6 Qd7
21. Qxd7 Rxd7 22. Nd2 Nxd2 23. Bxd2 Re7 24. Rxe7 Nxe7 25. Bf4 c6 26. Re1
Ng6 27. Bg3 Kf7 28. Kf2 Re8 29. Rxe8 Kxe8 30. Kf3 h5 31. Bf2 Kf7 32. g4
hxg4+ 33. Kxg4 Nf8 34. Bh4 g6 35. Bg5 Ne6 36. h4 b5 37. b4 Nf8 38. Bd8 Ne6
39. Bg5 Ke8 40. Bf4 Kd7 41. Be5 Ke7 42. Bf4 Nf8 43. Kg5 Kf7 44. Be5 Nd7 45.
Kg4 Ke6 46. Kg5 Kf7 47. Kg4 Nb6 48. Bf4 Nc4 49. Kg5 Nb2 50. Bd2 Nd1 51. Be1
Kg7 52. Bd2 Nf2 53. Be1 Ne4+ 54. Kg4 Kf6 55. Kf4 Nd6 56. Bd2 Nc4 57. Bc1
Kf7 58. Kg4 Kf6 59. Bg5+ Ke6 60. Bc1 a5 61. a3 a4 62. Kg5 Kf7 63. Kg4 Nd6
64. Bd2 Ne4 65. Be1 Ke6 66. Kf4 Kf6 67. Kg4 Nd6 68. Bd2 Nf5 69. Bg5+ Ke6
70. Bf4 Nxh4 71. Kg5 Nf3+ 72. Kxg6 Ng1 73. Bd2 Ne2 74. Kg5 Ng3 75. Kg4 Ne4
76. Be1 Kf6 77. Bh4+ Kg6 78. Be1 Nd6 79. Bd2 Kf6 80. Bg5+ Kf7 81. Bd2 Ke6
82. Kf4 Ne8 83. Kg4 Nf6+ 84. Kf4 Ne4 85. Be1 Nd6 86. Bd2 1/2-1/2

[Event "Open"]
[Site "Cappelle la Grande FRA"]
[Date "2003.02.24"]
[Round "4"]
[White "Seret,JL"]
[Black "Janev,E"]
[Result "0-1"]
[WhiteElo "2306"]
[BlackElo "2465"]
[EventDate "2003.02.22"]

1. e4 Nf6 2. d3 e5 3. Nf3 Nc6 4. Be2 d5 5. Nbd2 Bc5 6. O-O O-O 7. c3 a5 8.
b3 Qe7 9. a3 Rd8 10. Qc2 Bg4 11. h3 Bh5 12. Bb2 dxe4 13. dxe4 Rxd2 14. Qxd2
Nxe4 15. Qc2 Ng3 16. Rfe1 e4 17. Bd1 Bg6 18. Qd2 Nf5 19. Nd4 Nfxd4 20. cxd4
Rd8 21. d5 f5 22. b4 axb4 23. axb4 Nxb4 24. Bb3 Bf7 25. Ba3 Bd6 26. Qd4 c5
27. dxc6 Bh2+ 28. Kxh2 Rxd4 29. Bxb4 Qc7+ 30. g3 Bxb3 31. Ra8+ Kf7 32. Bc5
Ra4 0-1

[Event "Open"]
[Site "Cappelle la Grande FRA"]
[Date "2003.02.25"]
[Round "5"]
[White "Chernyshov,K"]
[Black "Zontakh,A"]
[Result "1/2-1/2"]
[WhiteElo "2561"]
[BlackElo "2508"]
[EventDate "2003.02.22"]

1. f4 d5 2. Nf3 g6 3. e3 Bg7 4. Be2 Nf6 5. O-O c5 6. b3 O-O 7. Bb2 Bg4 8.
d3 Nc6 9. Ne5 Bxe2 10. Qxe2 Rc8 11. Nd2 Nxe5 12. Bxe5 Nd7 13. Bxg7 Kxg7 14.
f5 Qb6 15. Rf2 e6 16. e4 exf5 17. exf5 Rce8 18. Qf3 Nf6 1/2-1/2

[Event "Open"]
[Site "Cappelle la Grande FRA"]
[Date "2003.02.25"]
[Round "5"]
[White "Shaw,J"]
[Black "Jaracz,P"]
[Result "1-0"]
[WhiteElo "2470"]
[BlackElo "2546"]
[EventDate "2003.02.22"]

1. e4 d6 2. d4 Nf6 3. Nc3 g6 4. Be3 c6 5. Qd2 b5 6. Bd3 Nbd7 7. Nf3 Qc7 8.
O-O Bg7 9. Bh6 O-O 10. Ne2 Rb8 11. Ng3 e5 12. c3 Re8 13. Bxg7 Kxg7 14. Nh4
Qb6 15. Bc2 c5 16. Rad1 cxd4 17. cxd4 Bb7 18. dxe5 dxe5 19. Qg5 Kh8 20. Bb3
Rf8 21. Nf3 Rbe8 22. Qh6 Ng8 23. Qh4 Ndf6 24. Ng5 Kg7 25. Rd7 Nxd7 26.
Qxh7+ Kf6 27. Nxf7 Re6 28. Nh8 Ne7 29. Qh6 Ng8 30. Qh7 Ne7 31. Nh5+ gxh5
32. Qh6+ Ng6 33. Nxg6 Kf7 34. Nxf8 Nxf8 35. Qxh5+ Kg7 36. Qg5+ Ng6 37. Bxe6
Qxe6 38. Re1 Qxa2 39. h4 Kf7 40. Qf5+ 1-0

[Event "Open"]
[Site "Cappelle la Grande FRA"]
[Date "2003.02.25"]
[Round "5"]
[White "McNab,C"]
[Black "Minasian,Art"]
[Result "1/2-1/2"]
[WhiteElo "2423"]
[BlackElo "2557"]
[EventDate "2003.02.22"]

1. c4 e5 2. Nc3 Nf6 3. Nf3 Nc6 4. g3 Bb4 5. Nd5 e4 6. Nh4 O-O 7. Bg2 d6 8.
Nxb4 Nxb4 9. a3 Na6 10. d3 exd3 11. Qxd3 Nc5 12. Qc2 a5 13. Be3 a4 14. Bxc5
dxc5 15. O-O Ra6 16. Rad1 Qe7 17. Nf5 Qe5 18. Ne3 Rb6 19. Rd2 Rb3 20. Nd5
Nxd5 21. cxd5 b6 22. e4 g5 23. f4 gxf4 24. gxf4 Qg7 25. e5 Kh8 26. Qe4 Rg8
27. f5 Ba6 28. Rff2 c4 29. f6 Qh6 30. Qf4 Rxg2+ 31. Kxg2 Qg6+ 32. Kh1 c3
33. Rc2 Bd3 34. Rxc3 Be4+ 35. Rcf3 Rd3 36. Rf1 Bxd5 37. h4 Rxf3 38. Rxf3
Qb1+ 39. Kh2 Bxf3 40. Qxf3 Qxb2+ 41. Kh1 Qc1+ 42. Kh2 Qc2+ 43. Kh1 Qc1+ 44.
Kh2 Qd2+ 45. Kg3 Qd8 46. h5 h6 47. Qe3 Qf8 48. Kf3 b5 49. Ke2 c5 50. e6
fxe6 51. Qxe6 Qg8 52. Qe7 Qg4+ 53. Ke3 Qd4+ 54. Kf3 Qd3+ 55. Kf4 Qd4+ 56.
Kf3 Qd5+ 57. Ke3 Qd4+ 58. Kf3 1/2-1/2

[Event "Open"]
[Site "Cappelle la Grande FRA"]
[Date "2003.02.25"]
[Round "5"]
[White "Foisor,O"]
[Black "Belov,Vl"]
[Result "0-1"]
[WhiteElo "2422"]
[BlackElo "2540"]
[EventDate "2003.02.22"]

1. Nf3 Nf6 2. g3 d5 3. Bg2 c6 4. d3 Bg4 5. Nbd2 Nbd7 6. h3 Bh5 7. O-O e5 8.
e4 dxe4 9. dxe4 Bb4 10. a4 O-O 11. Qe2 Re8 12. Qc4 Bf8 13. Nb3 Qe7 14. Nh4
Nb6 15. Qc3 Be2 16. Re1 Ba6 17. a5 Nbd7 18. Nf5 Qe6 19. Be3 g6 20. Nh6+ Kg7
21. f3 Qc4 22. Qxc4 Bxc4 23. Nd2 Be6 24. Ng4 Nh5 25. Bh6+ Kg8 26. Bxf8 Kxf8
27. Kf2 Rad8 28. Bf1 f5 29. exf5 gxf5 30. Ne3 Ndf6 31. Nec4 e4 32. f4 Re7
33. Nb3 Rg7 34. Nc5 Ke7 35. Ra3 Bxc4 36. Bxc4 Rd2+ 37. Re2 Rd4 38. Ba2 Rd1
39. Nxb7 Rh1 40. Nc5 Rxh3 41. Rb3 Rh2+ 42. Kf1 Rxe2 43. Kxe2 Rxg3 44. Rxg3
Nxg3+ 45. Kf2 Ngh5 46. Ne6 Ng4+ 47. Kg1 Kf6 48. b4 Ne3 49. Nd4 Nxf4 50. a6
h5 51. Nxc6 h4 52. Nd4 h3 53. Kh1 Ng4 54. Bc4 Nh5 55. Ne2 f4 0-1

[Event "Open"]
[Site "Cappelle la Grande FRA"]
[Date "2003.02.25"]
[Round "5"]
[White "Timoshenko,G"]
[Black "Kuzmicz,K"]
[Result "1-0"]
[WhiteElo "2539"]
[BlackElo "2333"]
[EventDate "2003.02.22"]

1. e4 c5 2. Nf3 g6 3. d4 Bg7 4. d5 d6 5. Nc3 Nf6 6. Bc4 O-O 7. O-O Na6 8.
h3 Nc7 9. a4 Bd7 10. Qe2 b6 11. Bf4 a6 12. e5 Nfe8 13. Rfd1 Qc8 14. Bg3 Rb8
15. Bh4 b5 16. Ba2 b4 17. Ne4 f6 18. Bc4 Bf5 19. e6 g5 20. Bg3 h6 21. h4
Bh7 22. Nxc5 dxc5 23. d6 exd6 24. e7+ Rf7 25. Rxd6 Nxd6 26. Bxd6 Bg6 27.
Bxc7 Qxc7 28. e8=Q+ Rxe8 29. Qxe8+ Kh7 30. Bxf7 Bxf7 31. Qa8 Qd6 32. Re1
Bg6 33. Qb7 Kg8 34. c4 bxc3 35. bxc3 Bf8 36. Qc8 Qd3 37. a5 Bh5 38. Re3
Qb1+ 39. Ne1 Qb5 40. Qd8 Kf7 41. c4 Qc6 42. Nc2 Kg8 43. Qd3 Bf7 1-0

[Event "Open"]
[Site "Cappelle la Grande FRA"]
[Date "2003.02.25"]
[Round "5"]
[White "Ionov,S"]
[Black "Steenbekkers,F"]
[Result "1-0"]
[WhiteElo "2531"]
[BlackElo "2198"]
[EventDate "2003.02.22"]

1. Nf3 f5 2. g3 Nf6 3. Bg2 g6 4. O-O Bg7 5. d4 d6 6. c4 O-O 7. Nc3 Qe8 8.
d5 a5 9. Nd4 Na6 10. b3 h6 11. Bb2 g5 12. e3 f4 13. exf4 gxf4 14. Nce2 fxg3
15. fxg3 Nc5 16. Nf4 Bg4 17. Qc2 Nh5 18. Ng6 Rf6 19. Nh4 Qd7 20. Rxf6 Bxf6
21. Qg6+ Ng7 22. Qxh6 Nd3 23. Be4 Nxb2 1-0

[Event "Open"]
[Site "Cappelle la Grande FRA"]
[Date "2003.02.25"]
[Round "5"]
[White "Hebden,M"]
[Black "Polard,G"]
[Result "1-0"]
[WhiteElo "2515"]
[BlackElo "2184"]
[EventDate "2003.02.22"]

1. d4 d5 2. Nf3 Nf6 3. c4 e6 4. Bg5 Be7 5. Nc3 h6 6. Bh4 O-O 7. e3 b6 8.
Bd3 Bb7 9. O-O Nbd7 10. Bg3 c5 11. Qe2 Ne4 12. cxd5 exd5 13. Rac1 Ndf6 14.
dxc5 Nxg3 15. hxg3 bxc5 16. Rfd1 Qa5 17. Qd2 Kh8 18. Qc2 d4 19. exd4 cxd4
20. Nxd4 Qh5 21. Be2 Ng4 22. Bxg4 Qxg4 23. Qf5 Qxf5 24. Nxf5 Bf6 25. b3
Rad8 26. Nd6 Ba8 27. Nce4 Bxe4 28. Nxe4 Bb2 29. Rb1 Bd4 30. Kf1 f5 31. Nd2
Kg8 32. Nc4 Bf6 33. Ne3 Bd4 34. Ke2 g6 35. Rd3 Rfe8 36. Rbd1 Bf6 37. Rd6
Rxd6 38. Rxd6 Kf7 39. Kd3 Rd8 40. Rxd8 Bxd8 41. Nd5 Ke6 42. Kd4 Kd6 43. b4
g5 44. f3 h5 45. a4 g4 46. f4 h4 47. gxh4 Bxh4 48. b5 Be1 49. Nc3 Bd2 50.
Ne2 Be1 51. Kc4 1-0

[Event "Open"]
[Site "Cappelle la Grande FRA"]
[Date "2003.02.25"]
[Round "5"]
[White "Hauchard,A"]
[Black "Aveline,P"]
[Result "1-0"]
[WhiteElo "2512"]
[BlackElo "2158"]
[EventDate "2003.02.22"]

1. e4 d5 2. exd5 Nf6 3. d4 Nxd5 4. c4 Nb6 5. Nf3 g6 6. c5 Nd5 7. Bc4 Bg7 8.
Nc3 c6 9. O-O O-O 10. Re1 b6 11. Bg5 f6 12. Bd2 bxc5 13. Qb3 e6 14. dxc5
Nd7 15. Qa4 Nb8 16. Nd4 Re8 17. Nxc6 Nxc6 18. Qxc6 Bd7 19. Qd6 Bf8 20. Qg3
Nb4 21. Ne4 Nc2 22. Qc3 1-0

[Event "Open"]
[Site "Cappelle la Grande FRA"]
[Date "2003.02.25"]
[Round "5"]
[White "Czarnota,P"]
[Black "Makarov,M"]
[Result "1/2-1/2"]
[WhiteElo "2314"]
[BlackElo "2512"]
[EventDate "2003.02.22"]

1. e4 c5 2. Ne2 d6 3. g3 g6 4. Bg2 Bg7 5. c3 Nc6 6. d4 Bg4 7. f3 Bd7 8. Be3
cxd4 9. cxd4 Nf6 10. Nbc3 O-O 11. O-O b5 12. Nxb5 Qb8 13. Nbc3 Qxb2 14. a4
Qb4 15. Kh1 Qa5 16. f4 e5 17. Nb5 Bg4 18. fxe5 dxe5 19. d5 Nd4 20. Nbxd4
exd4 21. Bxd4 Qa6 22. Rf2 Rae8 23. e5 Nd7 24. h3 Bxe2 25. Qxe2 Qc8 26. Qd2
Nxe5 27. Rc1 Qd7 28. Kh2 Rc8 29. Rxc8 Rxc8 30. a5 Nc4 31. Qd3 Bxd4 32. Qxd4
Nd6 33. h4 1/2-1/2

[Event "Open"]
[Site "Cappelle la Grande FRA"]
[Date "2003.02.25"]
[Round "5"]
[White "Harasta,V"]
[Black "Grabarczyk,M"]
[Result "0-1"]
[WhiteElo "2199"]
[BlackElo "2506"]
[EventDate "2003.02.22"]

1. c4 e5 2. Nc3 Nf6 3. Nf3 Nc6 4. e3 g6 5. d4 d6 6. d5 Ne7 7. Be2 Bg7 8.
O-O O-O 9. b4 e4 10. Nd4 Nf5 11. Nxf5 Bxf5 12. Bb2 h5 13. Nb5 Qe7 14. Qd2
a6 15. Nd4 Bd7 16. a4 Ng4 17. Bxg4 hxg4 18. Ne2 f5 19. Rfc1 Bxb2 20. Qxb2
Rf7 21. Ng3 g5 22. Qd4 Re8 23. Re1 Qe5 24. Qxe5 Rxe5 25. a5 Kg7 26. Ra2 Kf6
27. Rb1 Rf8 28. Rd1 Re7 29. Re1 Ke5 30. Rd1 Rh7 31. Rdd2 Rfh8 32. Nf1 Rc8
33. Rd4 Be8 34. Nd2 Bd7 35. Ra1 Rch8 36. Nf1 Be8 37. Ra2 Bf7 38. Re2 Be8
39. Ra2 Rh6 40. Rdd2 Rg6 41. Rd4 Rh7 42. Rdd2 Bf7 43. Rac2 c6 44. dxc6 bxc6
45. c5 Bd5 46. cxd6 Kxd6 47. Rd4 Ke6 48. Rb2 Rb7 49. Nd2 c5 50. Rxd5 Kxd5
0-1

[Event "Open"]
[Site "Cappelle la Grande FRA"]
[Date "2003.02.25"]
[Round "5"]
[White "Bijaoui,M"]
[Black "Apicella,M"]
[Result "0-1"]
[WhiteElo "2197"]
[BlackElo "2501"]
[EventDate "2003.02.22"]

1. e4 e6 2. d4 d5 3. Nd2 Nf6 4. Bd3 c5 5. dxc5 Bxc5 6. Qe2 Nc6 7. Ngf3 Nb4
8. e5 Nxd3+ 9. cxd3 Nd7 10. O-O b6 11. Nb3 Ba6 12. Be3 O-O 13. Rfc1 Be7 14.
Nbd4 Bb7 15. Rc2 a5 16. Rac1 Nc5 17. Nb3 Na6 18. a4 d4 19. Bxd4 Nb4 20. Rc7
Bd5 21. Nfd2 Na2 22. R1c2 Bc5 23. R7xc5 bxc5 24. Bxc5 Re8 25. Nc4 Qg5 26.
f3 Reb8 27. Nbd2 Bxc4 28. Nxc4 Nb4 29. Rc3 Nd5 30. Rc2 h5 31. Qe4 Rb3 32.
Nd2 Rb7 33. Nc4 Rab8 34. g3 Rb3 35. Kg2 Rxd3 36. h4 Qf5 37. Qxf5 exf5 38.
Nxa5 Rc8 39. Kf2 Ne3 40. Rc1 Nd1+ 41. Ke2 Nxb2 42. Nc4 Rxc5 43. Nxb2 Rdc3
44. Rxc3 Rxc3 45. Nd1 Ra3 46. Ne3 g6 47. g4 Ra2+ 48. Kd3 hxg4 49. fxg4 fxg4
50. Nxg4 Rxa4 51. Nf6+ Kg7 52. h5 gxh5 53. Nxh5+ Kg6 54. Nf6 Kf5 55. Nd7
Re4 56. Kc3 Rxe5 0-1

[Event "Open"]
[Site "Cappelle la Grande FRA"]
[Date "2003.02.25"]
[Round "5"]
[White "Woodward,T"]
[Black "Kuzmin,G"]
[Result "0-1"]
[WhiteElo "2185"]
[BlackElo "2495"]
[EventDate "2003.02.22"]

1. d4 Nf6 2. c4 e6 3. Nc3 d5 4. cxd5 exd5 5. Bg5 c6 6. Qc2 Nbd7 7. e3 Be7
8. Bd3 Nf8 9. Nf3 Ne6 10. Bh4 g6 11. O-O O-O 12. Rab1 Ng7 13. b4 a6 14. Na4
Nf5 15. Bg5 Nd6 16. Nc5 Nh5 17. Bxe7 Qxe7 18. a4 Nf6 19. b5 axb5 20. axb5
cxb5 21. Bxb5 b6 22. Nd3 Bf5 23. Nfe5 Rfc8 24. Bc6 Ra3 25. Rb3 Nc4 26. Rc1
Nxe5 27. dxe5 Ng4 28. e4 Bxe4 29. f3 Bxd3 30. Rxd3 Rxd3 31. Qxd3 Nxe5 0-1

[Event "Open"]
[Site "Cappelle la Grande FRA"]
[Date "2003.02.25"]
[Round "5"]
[White "Murey,J"]
[Black "Grill,M"]
[Result "1-0"]
[WhiteElo "2486"]
[BlackElo "2143"]
[EventDate "2003.02.22"]

1. c4 e5 2. Nf3 Nc6 3. g3 Nf6 4. Bg2 h6 5. O-O Bc5 6. Nxe5 Nxe5 7. d4 Bxd4
8. Qxd4 Nc6 9. Qe3+ Ne7 10. Qc3 Nc6 11. b4 d6 12. Qe3+ Qe7 13. a3 Qxe3 14.
Bxe3 O-O 15. Nc3 a6 16. Nd5 Ne8 17. Rfd1 f6 18. c5 Be6 19. cxd6 cxd6 20.
Nb6 Rd8 21. Rac1 1-0

[Event "Open"]
[Site "Cappelle la Grande FRA"]
[Date "2003.02.25"]
[Round "5"]
[White "Czarnota,D"]
[Black "Efimov,I"]
[Result "0-1"]
[WhiteElo "2191"]
[BlackElo "2480"]
[EventDate "2003.02.22"]

1. e4 c5 2. Ne2 Nc6 3. d4 cxd4 4. Nxd4 Nf6 5. Nc3 d6 6. f3 e5 7. Nb3 Be7 8.
Be3 Be6 9. Nd5 Bxd5 10. exd5 Nb8 11. c4 O-O 12. Be2 a5 13. O-O Nfd7 14. Nd2
Bg5 15. Bxg5 Qxg5 16. Ne4 Qe7 17. Nc3 Nc5 18. b3 f5 19. Rb1 Rf6 20. Rf2 Rh6
21. Bf1 Nbd7 22. a3 e4 23. Qd4 Ne5 24. b4 axb4 25. axb4 Qf6 26. Qd2 Ncd3
27. Bxd3 Nxd3 28. Nb5 Nxf2 29. Qxf2 exf3 30. Qxf3 Qh4 31. Qg3 Qxc4 32. Nxd6
Qd4+ 33. Kh1 Qxb4 0-1

[Event "Open"]
[Site "Cappelle la Grande FRA"]
[Date "2003.02.25"]
[Round "5"]
[White "Janev,E"]
[Black "Depoorter,E"]
[Result "1-0"]
[WhiteElo "2465"]
[BlackElo "2095"]
[EventDate "2003.02.22"]

1. e4 c5 2. Nf3 e6 3. Qe2 Nc6 4. g3 g6 5. Bg2 Bg7 6. h4 h5 7. O-O d6 8. c3
Nge7 9. d3 O-O 10. Na3 Rb8 11. d4 cxd4 12. cxd4 a6 13. Bg5 Qd7 14. Rfd1 Re8
15. e5 Nf5 16. Nc4 d5 17. Ne3 Nce7 18. Bh3 b6 19. g4 Nxe3 20. Qxe3 hxg4 21.
Bxg4 Nf5 22. Qf4 Rb7 23. Kg2 Qb5 24. Rd2 Rc7 25. Rh1 Bb7 26. h5 Rec8 27.
Bxf5 exf5 28. h6 1-0

[Event "Open"]
[Site "Cappelle la Grande FRA"]
[Date "2003.02.25"]
[Round "5"]
[White "Capitaine,A"]
[Black "Staniszewski,Pi"]
[Result "0-1"]
[WhiteElo "2155"]
[BlackElo "2449"]
[EventDate "2003.02.22"]

1. e4 e5 2. Nc3 Nf6 3. Bc4 Nc6 4. d3 Na5 5. f4 Nxc4 6. dxc4 Bb4 7. Qd3 d6
8. Nge2 O-O 9. f5 Nd7 10. O-O Bxc3 11. Nxc3 Nc5 12. Qe2 f6 13. Be3 Bd7 14.
Rad1 Qe8 15. Rf3 Bc6 16. Bf2 a5 17. b3 b6 18. a4 Rd8 19. Bxc5 dxc5 20. Rxd8
Qxd8 21. Rd3 Qe7 22. Qd1 Kh8 23. Qg4 Rd8 24. Qd1 Rd4 25. Qf3 Kg8 26. Nd5
Bxd5 27. cxd5 c4 28. Rxd4 Qc5 29. Qc3 b5 30. axb5 exd4 31. Qxc4 Qxc4 32.
bxc4 Kf7 33. d6 Ke8 34. dxc7 Kd7 35. b6 a4 36. g4 a3 37. e5 fxe5 38. g5 a2
39. f6 a1=Q+ 40. Kf2 gxf6 41. gxf6 Qc1 0-1

[Event "Open"]
[Site "Cappelle la Grande FRA"]
[Date "2003.02.25"]
[Round "5"]
[White "Besson,B"]
[Black "Geller,J"]
[Result "0-1"]
[WhiteElo "2142"]
[BlackElo "2448"]
[EventDate "2003.02.22"]

1. e4 c5 2. Nf3 Nc6 3. d4 cxd4 4. Nxd4 e6 5. c4 Nf6 6. Nc3 Bb4 7. f3 d5 8.
cxd5 exd5 9. Bb5 O-O 10. Nxc6 bxc6 11. Bxc6 Nxe4 12. fxe4 Qh4+ 13. Kd2 Bg4
14. Qa4 Qf2+ 15. Kd3 dxe4+ 16. Kc4 Be6+ 17. Kxb4 a5+ 18. Ka3 Qc5+ 0-1

[Event "Open"]
[Site "Cappelle la Grande FRA"]
[Date "2003.02.25"]
[Round "5"]
[White "Sergeev,V"]
[Black "Lafaurie,P"]
[Result "1-0"]
[WhiteElo "2308"]
[BlackElo "2076"]
[EventDate "2003.02.22"]

1. c4 Nf6 2. Nf3 d6 3. g3 e5 4. Bg2 Nc6 5. Nc3 g6 6. d4 exd4 7. Nxd4 Nxd4
8. Qxd4 Bg7 9. b3 O-O 10. Bb2 Nd7 11. Qd2 Ne5 12. O-O Re8 13. Rab1 Rb8 14.
c5 d5 15. Nxd5 c6 16. Nc3 Bf5 17. h3 Bf8 18. g4 Be6 19. Qxd8 Rbxd8 20. Ne4
Bg7 21. Nd6 Re7 22. Nf5 Red7 1-0

[Event "Open"]
[Site "Cappelle la Grande FRA"]
[Date "2003.02.25"]
[Round "5"]
[White "Rode,A"]
[Black "Pilgaard,K"]
[Result "0-1"]
[WhiteElo "2047"]
[BlackElo "2437"]
[EventDate "2003.02.22"]

1. e4 e5 2. d4 exd4 3. c3 dxc3 4. Bc4 cxb2 5. Bxb2 d5 6. Bxd5 Nf6 7. Nc3
Be7 8. Qf3 c6 9. Bb3 Qc7 10. Nh3 O-O 11. O-O Bd6 12. Rac1 Bxh2+ 13. Kh1 Bg4
14. Qe3 Bxh3 15. Qxh3 Bf4 16. Nd5 Nxd5 17. exd5 Bxc1 18. Rxc1 Qd6 19. Rc4
Re8 20. Bc3 Nd7 21. Bc2 Nf8 22. Bxh7+ Nxh7 23. Rh4 Qg6 24. Rg4 Ng5 25. Qg3
f6 26. f4 Qh7+ 27. Kg1 Ne4 0-1

[Event "Open"]
[Site "Cappelle la Grande FRA"]
[Date "2003.02.25"]
[Round "5"]
[White "Van der Weide,K"]
[Black "Timofeev,Ar"]
[Result "1/2-1/2"]
[WhiteElo "2388"]
[BlackElo "2592"]
[EventDate "2003.02.22"]

1. e4 c5 2. Nf3 d6 3. d4 cxd4 4. Nxd4 Nf6 5. Nc3 e6 6. g4 h6 7. h4 Nc6 8.
Rg1 h5 9. gxh5 Nxh5 10. Bg5 Nf6 11. Be2 a6 12. Qd2 Qb6 13. Nb3 Bd7 14.
O-O-O Qxf2 15. h5 Nxh5 16. e5 Ng3 17. exd6 Nxe2+ 18. Nxe2 Rh2 19. Bf4 Rh5
20. Be3 Qh2 21. Bf4 Qf2 22. Be3 Qf6 23. Nc3 Rc8 24. Nc5 Ne5 25. N3e4 Qh4
26. Bg5 Qh2 27. Rg2 Qh3 1/2-1/2

[Event "Open"]
[Site "Cappelle la Grande FRA"]
[Date "2003.02.25"]
[Round "5"]
[White "Pavasovic,D"]
[Black "Ramirez,Al"]
[Result "1-0"]
[WhiteElo "2573"]
[BlackElo "2413"]
[EventDate "2003.02.22"]

1. e4 c5 2. c3 d5 3. exd5 Qxd5 4. d4 Nf6 5. Nf3 Bg4 6. dxc5 Qxc5 7. Na3 a6
8. h3 Bh5 9. Be3 Qc7 10. Qa4+ Nbd7 11. Bf4 Qc8 12. Ne5 e6 13. g4 Bg6 14.
Bg2 Bc5 15. O-O O-O 16. Nxg6 hxg6 17. Qb3 Ra7 18. Nc2 b5 19. a4 bxa4 20.
Qxa4 Nb6 21. Qa2 Nfd5 22. Bh2 f5 23. Rae1 f4 24. Bf3 Re7 25. Re2 Kh8 26.
Ne1 Bd6 27. Qb1 Rf6 28. Ng2 Qe8 29. Rfe1 g5 30. Qd3 Bc7 31. h4 gxh4 32. g5
Rf5 33. c4 Nb4 34. Qxf5 exf5 35. Rxe7 Qg6 36. Rxc7 Nd3 37. Rc6 Qxg5 38.
Re8+ Kh7 39. Rxb6 h3 40. Rd6 Nxb2 41. Bxf4 h2+ 1-0

[Event "Open"]
[Site "Cappelle la Grande FRA"]
[Date "2003.02.25"]
[Round "5"]
[White "Fominyh,A"]
[Black "Naumkin,I"]
[Result "1-0"]
[WhiteElo "2551"]
[BlackElo "2412"]
[EventDate "2003.02.22"]

1. d4 e6 2. c4 f5 3. Nf3 Nf6 4. g3 Bb4+ 5. Bd2 Bxd2+ 6. Qxd2 O-O 7. Bg2 d6
8. Nc3 Nc6 9. Rd1 Ne7 10. O-O Ng6 11. Rfe1 Bd7 12. Ng5 h6 13. Nh3 e5 14.
dxe5 dxe5 15. Bxb7 f4 16. Qc2 Ne7 17. Bxa8 Qxa8 18. Rxd7 Nxd7 19. Qe4 Qe8
20. Rd1 Kh8 21. b4 a5 22. bxa5 Nf5 23. Nxf4 Nc5 24. Qxe5 1-0

[Event "Open"]
[Site "Cappelle la Grande FRA"]
[Date "2003.02.25"]
[Round "5"]
[White "Hernandez,Gi"]
[Black "Colovic,A"]
[Result "1-0"]
[WhiteElo "2542"]
[BlackElo "2385"]
[EventDate "2003.02.22"]

1. e4 c5 2. Nf3 d6 3. d4 cxd4 4. Nxd4 Nf6 5. Nc3 a6 6. Bc4 e6 7. Bb3 b5 8.
Bg5 Be7 9. Qf3 Qb6 10. O-O-O O-O 11. Rhe1 Nc6 12. Be3 Nxd4 13. Bxd4 Qc6 14.
g4 Bb7 15. g5 Nd7 16. Qh5 Rfe8 17. Rd3 Nf8 18. Rf3 Ng6 19. Rh3 Nf8 20. Nd5
Qd7 21. Nf6+ Bxf6 22. gxf6 e5 23. Rg1 Bxe4 24. Qh6 Ne6 25. Rxg7+ 1-0

[Event "Open"]
[Site "Cappelle la Grande FRA"]
[Date "2003.02.25"]
[Round "5"]
[White "Abergel,T"]
[Black "Kveinys,A"]
[Result "1/2-1/2"]
[WhiteElo "2365"]
[BlackElo "2541"]
[EventDate "2003.02.22"]

1. e4 c5 2. Nf3 e6 3. d3 Nc6 4. g3 Nge7 5. Bg2 g6 6. O-O Bg7 7. c3 O-O 8.
d4 d5 9. e5 Qb6 10. b3 Bd7 11. Ba3 cxd4 12. cxd4 Rfc8 13. Nc3 Nb4 14. Qd2
a5 15. Rfc1 Bf8 16. Bf1 Nf5 17. Nd1 Bb5 18. Ne3 Nxe3 19. fxe3 Bxf1 20. Kxf1
Qb5+ 21. Kg2 Rxc1 22. Rxc1 Nxa2 23. Qxa2 Bxa3 24. Rc7 Re8 25. Ng5 Rf8 26.
Qf2 Qe8 27. Qf6 b5 28. Ra7 a4 29. bxa4 bxa4 30. h4 h6 31. h5 Qb5 1/2-1/2

[Event "Open"]
[Site "Cappelle la Grande FRA"]
[Date "2003.02.25"]
[Round "5"]
[White "Frois,A"]
[Black "Shomoev,A"]
[Result "0-1"]
[WhiteElo "2360"]
[BlackElo "2541"]
[EventDate "2003.02.22"]

1. e4 e5 2. Nf3 Nc6 3. Bc4 Bc5 4. c3 Nf6 5. d3 a6 6. Bb3 d6 7. Nbd2 Ba7 8.
O-O O-O 9. Re1 Ng4 10. Re2 Kh8 11. h3 Nh6 12. Nf1 f5 13. d4 fxe4 14. Rxe4
Bf5 15. Re1 e4 16. Bg5 Qd7 17. Nh4 d5 18. Bxh6 gxh6 19. Qh5 Ne7 20. Qxh6
Ng6 21. Ne3 Nxh4 22. Qxh4 c6 23. Bd1 Qg7 24. Bg4 Bg6 25. Qg5 Bb8 26. Bh5
Bf4 27. Qg4 Bxh5 28. Qxh5 Rf6 29. Nf5 Qd7 30. g4 Rg8 31. Kf1 Rg5 32. Qh4
Rfxf5 33. gxf5 Qxf5 34. Ke2 e3 35. Rg1 Qc2+ 36. Kf3 Qe4+ 0-1